[Event "XXIX Miedzynarodowy Festiwal Szachowy CRACOVIA-2018 Grupa A"]
[Site "Krakow, Hotel Galaxy, ul. Gesia 22a"]
[Date "2019.01.02"]
[Round "7.15"]
[White "Colijn, Stefan"]
[Black "Bus, Konrad"]
[Result "1/2-1/2"]
[BlackElo "2221"]
[WhiteElo "2331"]
[LiveChessVersion "1.4.8"]

1. c4 {[%clk 1:30:34]} c5 {[%clk 1:30:29]} 2. g3 {[%clk 1:30:42]} g6
{[%clk 1:30:13]} 3. Bg2 {[%clk 1:31:06]} Bg7 {[%clk 1:30:28]} 4. Nc3
{[%clk 1:31:22]} Nc6 {[%clk 1:30:35]} 5. Nf3 {[%clk 1:31:09]} d6 {[%clk 1:29:15]}
6. O-O {[%clk 1:30:55]} e6 {[%clk 1:28:12]} 7. e3 {[%clk 1:25:06]} Nge7
{[%clk 1:28:23]} 8. d4 {[%clk 1:19:10]} O-O {[%clk 1:28:08]} 9. dxc5
{[%clk 1:17:44]} dxc5 {[%clk 1:27:47]} 10. Qc2 {[%clk 1:16:18]} Bd7
{[%clk 1:13:46]} 11. a3 {[%clk 1:14:24]} a6 {[%clk 1:06:38]} 12. b3
{[%clk 1:14:11]} Qc7 {[%clk 1:04:43]} 13. Bb2 {[%clk 1:13:54]} f5
{[%clk 0:58:48]} 14. Na4 {[%clk 1:08:59]} Bxb2 {[%clk 0:52:39]} 15. Qxb2
{[%clk 1:09:27]} Na5 {[%clk 0:51:24]} 16. Qe5 {[%clk 0:44:32]} Rac8
{[%clk 0:47:00]} 17. Rad1 {[%clk 0:39:16]} Qxe5 {[%clk 0:35:34]} 18. Nxe5
{[%clk 0:38:47]} Bxa4 {[%clk 0:35:38]} 19. bxa4 {[%clk 0:39:15]} Rfd8
{[%clk 0:32:23]} 20. Rb1 {[%clk 0:34:09]} Rc7 {[%clk 0:27:10]} 21. Rb6
{[%clk 0:34:25]} Nec6 {[%clk 0:26:03]} 22. Bxc6 {[%clk 0:29:02]} Nxc6
{[%clk 0:26:06]} 23. Nxc6 {[%clk 0:29:15]} bxc6 {[%clk 0:25:39]} 24. Rxa6
{[%clk 0:19:58]} Rd3 {[%clk 0:22:43]} 25. Rb1 {[%clk 0:20:07]} Rxa3
{[%clk 0:16:07]} 26. Ra8+ {[%clk 0:12:02]} Kg7 {[%clk 0:12:09]} 27. a5
{[%clk 0:11:41]} Kh6 {[%clk 0:08:36]} 28. a6 {[%clk 0:04:58]} Rd7
{[%clk 0:08:39]} 29. Rb2 {[%clk 0:05:20]} e5 {[%clk 0:07:15]} 30. Kg2
{[%clk 0:05:25]} e4 {[%clk 0:06:45]} 31. Kh3 {[%clk 0:02:42]} Kg5
{[%clk 0:06:24]} 32. Kg2 {[%clk 0:01:59]} Ra1 {[%clk 0:06:16]} 33. f4+
{[%clk 0:01:30]} Kg4 {[%clk 0:03:45]} 34. h3+ {[%clk 0:01:10]} Kh5
{[%clk 0:04:14]} 35. Kh2 {[%clk 0:00:38]} h6 {[%clk 0:03:37]} 36. Rh8
{[%clk 0:00:37]} Rdd1 {[%clk 0:02:26]} 37. a7 {[%clk 0:00:57]} Rxa7
{[%clk 0:02:24]} 38. Rg2 {[%clk 0:01:26]} g5 {[%clk 0:01:51]} 39. g4+
{[%clk 0:01:37]} fxg4 {[%clk 0:01:29]} 40. hxg4+ {[%clk 0:32:05]} Kg6
{[%clk 0:31:50]} 41. f5+ {[%clk 0:31:38]} Kg7 42. Re8 h5 43. gxh5 Kf6 44. Rg8 Rg7
45. Rxg7 Kxg7 46. Rxg5+ Kf6 47. Rg6+ Kxf5 48. Rxc6 Kg4 49. Rxc5 Rd2+ 50. Kg1 Kf3
51. h6 Rg2+ 52. Kh1 Rg8 53. h7 Rh8 54. Rh5 Kxe3 55. Kg1 Kd2 56. Rh2+ Kd3 57. c5
e3 58. Kf1 Rf8+ 59. Ke1 Rb8 60. Kf1 Rf8+ 61. Ke1 Rb8 1/2-1/2

[Event "XXIX Miedzynarodowy Festiwal Szachowy CRACOVIA-2018 Grupa A"]
[Site "Krakow, Hotel Galaxy, ul. Gesia 22a"]
[Date "2019.01.02"]
[Round "7.19"]
[White "Gombocz, Ferenc Jr."]
[Black "Heinzel, Olaf"]
[Result "1/2-1/2"]
[BlackElo "2326"]
[WhiteElo "2263"]
[LiveChessVersion "1.4.8"]

1. c4 c5 2. g3 Nf6 3. Bg2 d5 4. cxd5 Nxd5 5. Nf3 Nc6 6. d4 cxd4 7. Nxd4 Ndb4 8.
Nxc6 Qxd1+ 9. Kxd1 Nxc6 10. Bxc6+ bxc6 11. Nc3 g6 12. Be3 Bg7 13. Kd2 Be6 14.
Rhc1 O-O-O+ 15. Ke1 Bd4 16. Bxd4 Rxd4 17. b3 Kb7 18. Na4 Kc7 19. Rc3 Rhd8 20.
Rac1 Bd7 21. Nc5 Be8 22. a4 Kb6 23. Nd3 f6 24. b4 R8d6 25. a5+ Kb5 26. Rc5+ Ka6
27. b5+ cxb5 28. Rc8 Bd7 29. Nc5+ Kxa5 30. Nb7+ Ka6 31. Nxd6 Bxc8 32. Nxc8 Rd7
33. Ra1+ Kb7 34. Nxa7 Kb6 35. Nxb5 Kxb5 36. Rc1 Kb6 37. Rc8 Rc7 38. Rf8 f5 39.
Kd2 Kc6 40. Ke3 e5 41. f4 Kd6 42. Re8 e4 43. h3 Ra7 44. Kf2 Rf7 45. Re5 Rf8 46.
Ra5 Rf7 47. Re5 Rf8 48. Ra5 Rf7 49. Re5 Kxe5 1/2-1/2

[Event "XXIX Miedzynarodowy Festiwal Szachowy CRACOVIA-2018 Grupa A"]
[Site "Krakow, Hotel Galaxy, ul. Gesia 22a"]
[Date "2019.01.02"]
[Round "7.21"]
[White "Kokoszczynski, Jan"]
[Black "Vojtek, Vladimir"]
[Result "1/2-1/2"]
[BlackElo "2313"]
[WhiteElo "2242"]
[LiveChessVersion "1.4.8"]

1. d4 d5 2. c4 e6 3. Nc3 c5 4. cxd5 exd5 5. Nf3 Nc6 6. g3 Nf6 7. Bg2 Be7 8. O-O
O-O 9. b3 Re8 10. Bb2 Bg4 11. dxc5 Bxc5 12. Rc1 Bf8 13. h3 Bxf3 14. Bxf3 Qd7 15.
Bg2 d4 16. Na4 Rad8 17. Nc5 Bxc5 18. Rxc5 Ne4 19. Rc4 b5 20. Rc1 Nb4 21. a3 Na2
22. Rc2 Nac3 23. Qc1 Qe6 24. b4 Na4 25. Ba1 Nec3 26. e3 Rc8 27. Qd2 dxe3 28. fxe3
Ne4 29. Qd4 Nf6 30. Rxc8 Rxc8 31. Qxa7 h5 32. Bxf6 gxf6 33. Qd4 Kg7 34. Rf2 Rc3
35. Qh4 Qe5 36. Qf4 Rxe3 37. Qxe5 fxe5 38. Bd5 f6 39. Rf3 Rc3 40. Kf2 Rc2+ 41.
Ke3 Nb2 42. Ke4 Kg6 43. Bb3 Rd2 44. Rc3 Rd4+ 45. Kf3 h4 46. Bc2+ Kf7 47. Rc7+ Ke6
48. Rc6+ Ke7 49. Bf5 hxg3 50. Rc7+ Kf8 51. Kxg3 Nc4 52. h4 Nd6 53. Be6 f5 54. h5
Ne4+ 55. Kg2 Rd2+ 56. Kg1 Ng5 57. Bxf5 Nf3+ 58. Kf1 Nh2+ 59. Ke1 Nf3+ 1/2-1/2

[Event "XXIX Miedzynarodowy Festiwal Szachowy CRACOVIA-2018 Grupa A"]
[Site "Krakow, Hotel Galaxy, ul. Gesia 22a"]
[Date "2019.01.02"]
[Round "7.30"]
[White "Tomczak, Mikolaj"]
[Black "Zaleski, Lukasz"]
[Result "1-0"]
[WhiteElo "2442"]
[BlackElo "2116"]
[PlyCount "55"]
[EventDate "2019.??.??"]

1. Nf3 Nf6 2. c4 e6 3. g3 c5 4. Bg2 Nc6 5. O-O Be7 6. Nc3 d5 7. d4 O-O 8. cxd5
exd5 9. Bg5 Be6 10. Rc1 cxd4 11. Nxd4 Nxd4 12. Qxd4 Qb6 13. Qxb6 axb6 14. Rfd1
Rfd8 15. a3 h6 16. Bf4 Rd7 17. Be5 Rad8 18. Na4 Ng4 19. Bd4 Bc5 20. Nxc5 bxc5
21. Rxc5 h5 22. Rb5 Rc8 23. h3 Nh6 24. Bc3 d4 25. Rxd4 Rxd4 26. Bxd4 Rc1+ 27.
Kh2 Bc4 28. Rc5 1-0

[Event "XXIX Miedzynarodowy Festiwal Szachowy CRACOVIA-2018 Grupa A"]
[Site "Krakow, Hotel Galaxy, ul. Gesia 22a"]
[Date "2019.01.02"]
[Round "7.34"]
[White "Praczukowski, Stanislaw"]
[Black "Czerw, Dawid"]
[Result "0-1"]
[WhiteElo "2155"]
[BlackElo "2275"]
[PlyCount "68"]
[EventDate "2019.??.??"]

1. d4 Nf6 2. c4 e6 3. g3 d5 4. Nf3 dxc4 5. Bg2 a6 6. O-O Nc6 7. e3 Rb8 8. Nfd2
Qd7 9. Nxc4 b5 10. Ne5 Nxe5 11. dxe5 Qxd1 12. Rxd1 Nd7 13. f4 Bb7 14. a4 b4 15.
Nd2 Bxg2 16. Kxg2 Nc5 17. b3 Rd8 18. Bb2 Rxd2+ 19. Rxd2 Nxb3 20. Rc2 Nxa1 21.
Bxa1 c5 22. Kf3 Be7 23. g4 h5 24. g5 Kd7 25. e4 Kc6 26. f5 Rb8 27. g6 fxg6 28.
f6 Rf8 29. Rg2 gxf6 30. Rxg6 fxe5+ 31. Ke3 Kd6 32. Rg1 c4 33. Rd1+ Kc6 34. Bxe5
Bc5+ 0-1

[Event "XXIX Miedzynarodowy Festiwal Szachowy CRACOVIA-2018 Grupa A"]
[Site "Krakow, Hotel Galaxy, ul. Gesia 22a"]
[Date "2019.01.02"]
[Round "7.42"]
[White "Bombek, Peter"]
[Black "Shyam, Prasad Reddy K"]
[Result "0-1"]
[WhiteElo "2205"]
[BlackElo "2030"]
[PlyCount "50"]
[EventDate "2019.??.??"]

1. d4 Nf6 2. c4 g6 3. Nc3 d5 4. e3 Bg7 5. Qb3 c6 6. Nf3 O-O 7. Bd2 e6 8. Be2
Nbd7 9. O-O Qe7 10. h3 dxc4 11. Qxc4 e5 12. Rfd1 e4 13. Nh2 Nb6 14. Qb3 Nfd5
15. a4 a5 16. Nxd5 Nxd5 17. Rac1 Be6 18. Qc2 f5 19. Nf1 Rae8 20. Bxa5 f4 21.
Bc4 f3 22. Bxd5 Bxd5 23. g4 Qh4 24. Kh2 h5 25. Ng3 hxg4 0-1

[Event "XXIX Miedzynarodowy Festiwal Szachowy CRACOVIA-2018 Grupa A"]
[Site "Krakow, Hotel Galaxy, ul. Gesia 22a"]
[Date "2019.01.02"]
[Round "7.43"]
[White "Pasti, Aron"]
[Black "Dwilewicz, Katarzyna"]
[Result "1-0"]
[WhiteElo "2196"]
[BlackElo "2027"]
[PlyCount "93"]
[EventDate "2019.??.??"]

1. e4 e5 2. Nf3 Nc6 3. Bb5 a6 4. Ba4 Nf6 5. O-O Be7 6. Re1 b5 7. Bb3 d6 8. c3
O-O 9. h3 Bb7 10. d4 Nd7 11. Be3 Na5 12. Bc2 Nc4 13. Bc1 Re8 14. b3 Ncb6 15.
Nbd2 Bf6 16. Nf1 g6 17. d5 Qe7 18. Ne3 Bg7 19. Ba3 Nc5 20. Rc1 Rad8 21. Qe2 c6
22. c4 cxd5 23. exd5 bxc4 24. Bxc5 dxc5 25. bxc4 e4 26. Nd2 f5 27. Rb1 Qc7 28.
Nb3 Na4 29. Nd1 Rb8 30. Qd2 Ba8 31. Rf1 Be5 32. Qe3 Bh2+ 33. Kh1 Bf4 34. Qe2
Bd6 35. Nd2 Nb6 36. Ne3 Qg7 37. Rb3 f4 38. Nxe4 Rxe4 39. Bxe4 fxe3 40. Rxe3 Bb7
41. Bf3 Qf7 42. Re6 Rd8 43. Rb1 Nc8 44. Bg4 a5 45. Re3 Qg7 46. Re8+ Rxe8 47.
Qxe8+ 1-0

[Event "XXIX Miedzynarodowy Festiwal Szachowy CRACOVIA-2018 Grupa A"]
[Site "Krakow, Hotel Galaxy, ul. Gesia 22a"]
[Date "2019.??.??"]
[Round "7.29"]
[White "Goluch, Piotr"]
[Black "Strybuk, Artsiom I"]
[Result "0-1"]
[WhiteElo "2273"]
[BlackElo "2172"]
[PlyCount "120"]
[EventDate "2019.??.??"]

1. Nf3 Nf6 2. c4 g6 3. g3 Bg7 4. Bg2 O-O 5. O-O d6 6. d4 c5 7. Nc3 Nc6 8. d5
Na5 9. Nd2 a6 10. Qc2 b5 11. b3 b4 12. Na4 Bf5 13. Qd1 Nxd5 14. Nb2 Nc3 15. Qe1
Rc8 16. e4 Bg4 17. Bf3 Bd7 18. Qe3 Nc6 19. Bg2 Bd4 20. Qd3 Bg4 21. Qc2 Be2 22.
Nf3 Bxf1 23. Bxf1 f5 24. exf5 Rxf5 25. Nxd4 Nxd4 26. Qd3 e5 27. Bh3 Nf3+ 28.
Kh1 e4 29. Qf1 Rh5 30. g4 Rh4 31. Bf4 Ng5 32. Bg2 Rxg4 33. Bg3 Qf6 34. Nd1 Rf8
35. Nxc3 bxc3 36. Qe2 Rxg3 37. fxg3 Qf2 38. Qg4 Qb2 39. Re1 Qd2 40. Rd1 Qe3 41.
h4 c2 42. hxg5 cxd1=Q+ 43. Qxd1 Qxg3 44. Qd5+ Kg7 45. Qxe4 Qxg5 46. Qb7+ Rf7
47. Qxa6 Qh4+ 48. Kg1 Qe1+ 49. Kh2 Qe5+ 50. Kg1 h5 51. Qc8 h4 52. a4 Qe3+ 53.
Kh1 Qe1+ 54. Kh2 Qg3+ 55. Kh1 Rf2 56. Qb7+ Kh6 57. Qa8 Kg7 58. Qb7+ Rf7 59. Qc8
Re7 60. Qg8+ Kxg8 0-1

[Event "XXIX Miedzynarodowy Festiwal Szachowy CRACOVIA-2018 Grupa A"]
[Site "Krakow, Hotel Galaxy, ul. Gesia 22a"]
[Date "2019.??.??"]
[Round "7.32"]
[White "Baum, Jonasz"]
[Black "Zherebtsova, Alexandra"]
[Result "1-0"]
[WhiteElo "2302"]
[BlackElo "2186"]
[PlyCount "79"]
[EventDate "2019.??.??"]

1. d4 Nf6 2. c4 c6 3. Nf3 d5 4. e3 e6 5. Nbd2 Nbd7 6. Bd3 Bd6 7. O-O b6 8. e4
dxe4 9. Nxe4 Nxe4 10. Bxe4 Bb7 11. Re1 Qc7 12. Bg5 Nf6 13. Bxf6 gxf6 14. c5 Be7
15. b4 f5 16. Bd3 Rd8 17. Qb3 Kf8 18. Rad1 Bf6 19. Bc4 b5 20. Bf1 h5 21. Ne5 h4
22. f4 Rg8 23. Be2 Bc8 24. Bf3 Bd7 25. a4 a6 26. axb5 axb5 27. Ra1 Be8 28. Red1
Qc8 29. Ra7 Be7 30. Qe3 f6 31. Nd3 Rh8 32. Rda1 Kf7 33. R1a6 Rh7 34. Rb6 Kg8
35. Raa6 Rd5 36. Bxd5 exd5 37. Ra7 Bf8 38. Rba6 Rxa7 39. Rxa7 Qb8 40. Ra2 1-0

[Event "XXIX Miedzynarodowy Festiwal Szachowy CRACOVIA-2018 Grupa A"]
[Site "Krakow, Hotel Galaxy, ul. Gesia 22a"]
[Date "2019.??.??"]
[Round "7.33"]
[White "Ojas, Kulkarni"]
[Black "Popiol, Michal"]
[Result "0-1"]
[WhiteElo "2282"]
[BlackElo "2169"]
[PlyCount "90"]
[EventDate "2019.??.??"]

1. Nf3 Nf6 2. g3 g6 3. b3 c5 4. c4 Bg7 5. Bb2 d5 6. cxd5 Qxd5 7. Bg2 O-O 8. Nc3
Qh5 9. h3 Ne4 10. g4 Nxc3 11. dxc3 Qh6 12. e3 Be6 13. g5 Qh5 14. Nd2 Qxg5 15.
Bxb7 Nd7 16. Bxa8 Rxa8 17. Qe2 Nb6 18. h4 Qe5 19. h5 c4 20. hxg6 hxg6 21. Nxc4
Nxc4 22. bxc4 Qa5 23. f4 Rb8 24. Kf2 Qa6 25. Rad1 Bxc4 26. Qd2 Be6 27. Ba1 Qc4
28. Rc1 Qe4 29. Qc2 Qc4 30. Qe2 Qc8 31. c4 Bg4 32. Qc2 Qc6 33. e4 Bxa1 34. Rxa1
Qf6 35. Kg3 Rb2 36. e5 Qb6 37. c5 Qb7 38. Qd3 Qg2+ 39. Kh4 Bf5 40. Qg3 Qe2 41.
Qg5 f6 42. exf6 exf6 43. Rae1 fxg5+ 44. Kxg5 Qg2+ 45. Kf6 Re2 0-1

[Event "XXIX Miedzynarodowy Festiwal Szachowy CRACOVIA-2018 Grupa A"]
[Site "Krakow, Hotel Galaxy, ul. Gesia 22a"]
[Date "2019.??.??"]
[Round "7.40"]
[White "Kasperek, Ryszard"]
[Black "Sanz Losada, Victoriano"]
[Result "0-1"]
[WhiteElo "2212"]
[BlackElo "2121"]
[PlyCount "154"]
[EventDate "2019.??.??"]

1. e4 c5 2. Nf3 d6 3. Bb5+ Nd7 4. O-O a6 5. Bd3 Ngf6 6. c3 Ne5 7. Be2 Qc7 8. d4
Nxf3+ 9. Bxf3 e5 10. b4 b6 11. a4 Bb7 12. a5 b5 13. Bg5 Nd7 14. Nd2 f6 15. Be3
exd4 16. cxd4 c4 17. Bg4 O-O-O 18. d5 Kb8 19. Nb3 cxb3 20. Rc1 Nc5 21. bxc5
dxc5 22. Qxb3 h5 23. Be6 Bd6 24. h3 c4 25. Qc3 Bc5 26. Bxc5 Qxc5 27. Rfd1 Qd6
28. f4 Qxf4 29. Re1 Rhe8 30. Bf5 Qe5 31. Qf3 h4 32. Qf2 g5 33. Rcd1 Rd6 34. Rf1
Bc8 35. Qc5 Red8 36. Rd4 Qe7 37. Qb4 Qa7 38. Qd2 Rxd5 39. exd5 Rxd5 40. Rd1
Rxd4 41. Qxd4 Bxf5 42. Kf1 Qxd4 43. Rxd4 Kc7 44. Ke2 Kc6 45. Rd8 Kc5 46. Ra8
Be4 47. Rxa6 f5 48. Re6 Bxg2 49. Re5+ Kb4 50. Rxf5 g4 51. hxg4 h3 52. Rh5 c3
53. g5 Bf3+ 54. Kxf3 c2 55. a6 c1=Q 56. Rh4+ Ka5 57. a7 Qf1+ 58. Ke4 Qg2+ 59.
Kf5 Kb6 60. Rh7 h2 61. Rxh2 Qf3+ 62. Ke6 Kxa7 63. Rh7+ Kb6 64. g6 Qg4+ 65. Kf6
Qf4+ 66. Ke6 Qg5 67. Kf7 Qf5+ 68. Kg7 b4 69. Rh6 b3 70. Kh8 Qf1 71. Kh7 Qf5 72.
Kh8 Qf6+ 73. Kh7 b2 74. Rh1 Qf5 75. Rg1 b1=Q 76. Rxb1+ Qxb1 77. Kh8 Qh1+ 0-1

[Event "XXIX Miedzynarodowy Festiwal Szachowy CRACOVIA-2018 Grupa A"]
[Site "Krakow, Hotel Galaxy, ul. Gesia 22a"]
[Date "2019.??.??"]
[Round "7.47"]
[White "Szczurek, Krzysztof"]
[Black "Pawlowski, Bartosz"]
[Result "1/2-1/2"]
[WhiteElo "2212"]
[BlackElo "2101"]
[PlyCount "98"]
[EventDate "2019.??.??"]

1. Nf3 f5 2. d4 Nf6 3. c4 g6 4. h4 d6 5. Nc3 c6 6. Bf4 Bg7 7. Qd2 Be6 8. b3
Nbd7 9. g3 Qb6 10. Qe3 Ng4 11. Qd2 Bf7 12. Bh3 e5 13. Be3 Nxe3 14. fxe3 e4 15.
Nh2 h5 16. Rf1 Nf6 17. Rf2 Be6 18. Rc1 a5 19. Nf1 O-O 20. Qc2 Qb4 21. Kd1 b5
22. Nd2 bxc4 23. bxc4 a4 24. Ncxe4 Nxe4 25. Nxe4 Rfe8 26. Ng5 Bd7 27. Rf3 Rab8
28. Qd2 c5 29. Qxb4 cxb4 30. Kd2 Bc6 31. Rff1 b3 32. axb3 Rxb3 33. d5 Bd7 34.
e4 a3 35. exf5 Bxf5 36. Bxf5 gxf5 37. Ne6 Bh6+ 38. Ng5 Rb2+ 39. Rc2 Rxe2+ 40.
Kxe2 Rxc2+ 41. Kd3 Rg2 42. Ne6 Rxg3+ 43. Kc2 Rg2+ 44. Kb1 Bd2 45. Rxf5 Rg1+ 46.
Ka2 Bc1 47. Rf8+ Kh7 48. Rf7+ Kh8 49. Rf8+ Kh7 1/2-1/2

[Event "XXIX Miedzynarodowy Festiwal Szachowy CRACOVIA-2018 Grupa A"]
[Site "Krakow, Hotel Galaxy, ul. Gesia 22a"]
[Date "2019.??.??"]
[Round "7.50"]
[White "Antolak, Julia"]
[Black "Cholleti, Sahajasri"]
[Result "1/2-1/2"]
[WhiteElo "2183"]
[BlackElo "2069"]
[PlyCount "58"]
[EventDate "2019.??.??"]

1. e4 c5 2. Nf3 d6 3. d4 cxd4 4. Nxd4 Nf6 5. Nc3 a6 6. Be3 e5 7. Nb3 Be6 8. f3
h5 9. Nd5 Bxd5 10. exd5 Nbd7 11. Qd2 g6 12. O-O-O Nb6 13. Qa5 Bh6 14. Bxh6 Rxh6
15. Qd2 Rh8 16. f4 exf4 17. Qxf4 Kf8 18. Bd3 Kg7 19. Rhf1 Nbxd5 20. Qd2 Re8 21.
Rf3 Nh7 22. Rdf1 Ndf6 23. h3 Rc8 24. g4 Rc7 25. gxh5 Nxh5 26. Rg1 Qh4 27. Rff1
N5f6 28. Kb1 Re5 29. a3 Rce7 1/2-1/2

[Event "XXIX Miedzynarodowy Festiwal Szachowy CRACOVIA-2018 Grupa A"]
[Site "Krakow, Hotel Galaxy, ul. Gesia 22a"]
[Date "2019.??.??"]
[Round "7.51"]
[White "Kucharska, Honorata"]
[Black "Seemann, Jakub"]
[Result "1/2-1/2"]
[WhiteElo "2177"]
[BlackElo "1907"]
[PlyCount "132"]
[EventDate "2019.??.??"]

1. e4 c5 2. Nc3 d6 3. g3 g6 4. Bg2 Nc6 5. d3 Bg7 6. f4 Rb8 7. Nf3 b5 8. O-O b4
9. Ne2 e6 10. g4 h5 11. g5 Nge7 12. Nh4 Qb6 13. Kh1 Nd4 14. Ng3 Bb7 15. Be3 f5
16. Bxd4 Bxd4 17. Rb1 Kf7 18. Qe2 Rbe8 19. c3 Bg7 20. Rfe1 d5 21. h3 Qd6 22. e5
Qb6 23. Kh2 d4 24. Bxb7 Qxb7 25. cxd4 cxd4 26. Qf2 Qb6 27. Nf3 Rc8 28. Rbc1
Rhd8 29. Nd2 Qa6 30. Nc4 Kg8 31. Ne2 Nc6 32. Ng1 Bf8 33. Nf3 Na5 34. Nfd2 Nxc4
35. Nxc4 Qxa2 36. Ra1 Qb3 37. Qd2 Rxc4 38. dxc4 Bc5 39. Qd1 Qxb2+ 40. Re2 Qc3
41. Rc2 Qe3 42. Qd2 d3 43. Rb2 Qxd2+ 44. Rxd2 Be3 45. Rdd1 Bxf4+ 46. Kg2 Bxe5
47. Rxa7 Bc3 48. c5 d2 49. Re7 e5 50. c6 Kf8 51. Rh7 Ke8 52. Rg7 e4 53. Rxg6
Kf7 54. c7 Rc8 55. Rc6 Ke7 56. Rh6 f4 57. Rxh5 Rf8 58. g6 f3+ 59. Kg3 Kd7 60.
Rh7+ Kc8 61. Rf7 Rg8 62. Kf4 Rxg6 63. Kxe4 Re6+ 64. Kd5 Re1 65. Kc6 Re6+ 66.
Kd5 Re1 1/2-1/2

[Event "XXIX Miedzynarodowy Festiwal Szachowy CRACOVIA-2018 Grupa A"]
[Site "Krakow, Hotel Galaxy, ul. Gesia 22a"]
[Date "2019.??.??"]
[Round "7.52"]
[White "Den Boer, Lennard"]
[Black "Radovic, Stefan"]
[Result "1/2-1/2"]
[WhiteElo "2173"]
[BlackElo "2019"]
[PlyCount "89"]
[EventDate "2019.??.??"]

1. e4 c5 2. c3 Nf6 3. e5 Nd5 4. d4 cxd4 5. cxd4 e6 6. Nf3 d6 7. Bd3 dxe5 8.
dxe5 Nb4 9. Be4 Qxd1+ 10. Kxd1 Bc5 11. Bd2 N8c6 12. a3 Nd5 13. Nc3 O-O 14. Rf1
Nd4 15. Nxd4 Bxd4 16. f4 Ne3+ 17. Bxe3 Bxe3 18. Ke2 Bb6 19. Rfd1 f6 20. Na4
fxe5 21. Nxb6 axb6 22. fxe5 Ra5 23. Rac1 Rxe5 24. Ke3 Rc5 25. b4 Rxc1 26. Rxc1
Kf7 27. h4 h6 28. Rc7+ Kf6 29. g3 Rd8 30. g4 Rh8 31. h5 Rd8 32. Kf4 Rf8 33. Bg6
e5+ 34. Kg3 b5 35. Bd3 Be6 36. Bxb5 Bd5 37. Rd7 Be4 38. Bc4 Bc6 39. Rd6+ Ke7
40. Re6+ Kd7 41. Rxe5 Rf3+ 42. Kh2 Rf2+ 43. Kg1 Rg2+ 44. Kf1 Rxg4 45. Be2
1/2-1/2

[Event "XXIX Miedzynarodowy Festiwal Szachowy CRACOVIA-2018 Grupa A"]
[Site "Krakow, Hotel Galaxy, ul. Gesia 22a"]
[Date "2019.??.??"]
[Round "7.53"]
[White "Kaczmarska, Joanna"]
[Black "Kubicka, Anna"]
[Result "0-1"]
[WhiteElo "1980"]
[BlackElo "2168"]
[PlyCount "80"]
[EventDate "2019.??.??"]

1. e4 c5 2. c4 g6 3. Nf3 Bg7 4. d4 cxd4 5. Nxd4 d6 6. Nc3 Nf6 7. Be2 Nbd7 8.
O-O O-O 9. Be3 Nc5 10. f3 Bd7 11. Rc1 Rc8 12. b4 Ne6 13. Nb3 b6 14. Qd2 Bc6 15.
Rfd1 Qc7 16. a4 Qb8 17. b5 Bd7 18. a5 Rfd8 19. axb6 axb6 20. Nd5 Nxd5 21. cxd5
Rxc1 22. Rxc1 Nc5 23. Nxc5 dxc5 24. f4 Qa8 25. Rc2 Qa4 26. Rc4 Qb3 27. Bxc5
bxc5 28. Rxc5 Qb1+ 29. Rc1 Qb3 30. Bc4 Qa3 31. Kf1 Bd4 32. Rd1 Bb6 33. Rc1 Qc5
34. h3 Qg1+ 35. Ke2 Qxg2+ 36. Kd1 Qxh3 37. Qc3 Qh2 38. Rc2 Qg1+ 39. Qe1 Bg4+
40. Kd2 Ba5+ 0-1

[Event "XXIX Miedzynarodowy Festiwal Szachowy CRACOVIA-2018 Grupa A"]
[Site "Krakow, Hotel Galaxy, ul. Gesia 22a"]
[Date "2019.??.??"]
[Round "7.55"]
[White "Bukojemski, Adam"]
[Black "Hristodoulaki, Antonia"]
[Result "1-0"]
[WhiteElo "2218"]
[BlackElo "2048"]
[PlyCount "55"]
[EventDate "2019.??.??"]

1. e4 e6 2. Nf3 d5 3. Nc3 Nf6 4. e5 Nfd7 5. d4 c5 6. dxc5 Nc6 7. Bf4 Bxc5 8.
Bd3 f6 9. Nh4 Ncxe5 10. Qh5+ Nf7 11. O-O-O g5 12. Rhe1 Kf8 13. Bxh7 gxf4 14.
Nxd5 exd5 15. Rxd5 Qa5 16. c3 Nde5 17. Rexe5 fxe5 18. Ng6+ Ke8 19. Nxh8 Be3+
20. fxe3 Qxd5 21. Nxf7 Bg4 22. Qxe5+ Qxe5 23. Nxe5 Be6 24. exf4 Bxa2 25. Be4
Rb8 26. g4 Ke7 27. h4 b5 28. Nc6+ 1-0

[Event "XXIX Miedzynarodowy Festiwal Szachowy CRACOVIA-2018 Grupa A"]
[Site "Krakow, Hotel Galaxy, ul. Gesia 22a"]
[Date "2019.??.??"]
[Round "7.57"]
[White "Fiedorek, Michal"]
[Black "Jijo, Joy"]
[Result "1/2-1/2"]
[WhiteElo "2178"]
[BlackElo "1940"]
[PlyCount "192"]
[EventDate "2019.??.??"]

1. e4 e5 2. Nf3 Nf6 3. Nxe5 d6 4. Nf3 Nxe4 5. Nc3 Nxc3 6. dxc3 Be7 7. Bf4 Nc6
8. Qd2 Be6 9. O-O-O Qd7 10. Kb1 O-O-O 11. Ng5 Bf6 12. Nxe6 fxe6 13. Be2 e5 14.
Be3 d5 15. Rhe1 Kb8 16. f4 e4 17. g4 h6 18. Rh1 Qe7 19. Qe1 d4 20. cxd4 Nxd4
21. Bc4 Nf3 22. Qe2 Qb4 23. Bb3 Nd4 24. Qc4 Qxc4 25. Bxc4 g5 26. h3 Nf3 27. Bd5
gxf4 28. Bxf4 Bg5 29. Bxe4 Bxf4 30. Bxf3 Rxd1+ 31. Rxd1 Bg5 32. c3 Rd8 33. Re1
c6 34. Re6 Rd3 35. h4 Bxh4 36. Rxh6 Rxf3 37. Rxh4 Rg3 38. Kc2 Kc7 39. Rh7+ Kb6
40. Rg7 a5 41. a4 Rg2+ 42. Kb3 Ka6 43. g5 Rg4 44. g6 b5 45. axb5+ cxb5 46. Rg8
Kb7 47. Ka2 b4 48. cxb4 Rxb4 49. Rf8 Rg4 50. Rf7+ Kb6 51. g7 a4 52. Kb1 Rg2 53.
Kc1 Kc6 54. Kd1 Kd6 55. Ra7 Kd5 56. Ke1 Ke5 57. Kf1 Rg4 58. Ke2 Ke6 59. Kd3 Kd5
60. Ra5+ Kd6 61. Ra7 Kd5 62. Kc3 Kc5 63. Rc7+ Kd6 64. Rf7 Kc5 65. Kd3 Kd5 66.
Rd7+ Kc6 67. Ra7 Kd5 68. Ke3 Ke5 69. Kf3 Rg1 70. Kf2 Rg4 71. Ke3 Rg3+ 72. Kd2
Kd6 73. Rxa4 Rxg7 74. Rc4 Rg3 75. Kc2 Kd5 76. Rc8 Rg6 77. Kc3 Rb6 78. b3 Rb5
79. b4 Rb6 80. Rc5+ Kd6 81. Rh5 Kc6 82. Kc4 Kb7 83. Rh7+ Ka6 84. Kc5 Rb5+ 85.
Kc4 Rb6 86. Rh8 Rg6 87. Ra8+ Kb7 88. Ra5 Kb6 89. Rb5+ Kc6 90. Rc5+ Kb6 91. Rf5
Rg4+ 92. Kb3 Rg6 93. Ka4 Rh6 94. Rb5+ Ka6 95. Rb8 Ka7 96. Re8 Kb6 1/2-1/2

[Event "XXIX Miedzynarodowy Festiwal Szachowy CRACOVIA-2018 Grupa A"]
[Site "Krakow, Hotel Galaxy, ul. Gesia 22a"]
[Date "2019.??.??"]
[Round "7.58"]
[White "Wikar, Martyna"]
[Black "Wisniewski, Michal"]
[Result "1-0"]
[WhiteElo "2016"]
[BlackElo "2161"]
[PlyCount "95"]
[EventDate "2019.??.??"]

1. e4 c5 2. Nf3 d6 3. d4 cxd4 4. Nxd4 Nf6 5. Nc3 a6 6. Be2 e5 7. Nb3 Be7 8. O-O
O-O 9. Be3 Be6 10. f4 b5 11. f5 Bc4 12. Bxc4 bxc4 13. Nd2 d5 14. Nxd5 Nxd5 15.
exd5 Qxd5 16. Qg4 Bc5 17. Bxc5 Qxc5+ 18. Kh1 Rc8 19. Ne4 Qf8 20. Rad1 Rc7 21.
Nf6+ Kh8 22. Nxh7 Kxh7 23. Qh4+ Kg8 24. Rd8 Nd7 25. Rxf8+ Rxf8 26. Rf3 Rc6 27.
Rh3 Rh6 28. Qxc4 Rxh3 29. gxh3 Nf6 30. Qxa6 e4 31. Qe2 Re8 32. Kg1 e3 33. Kf1
Re5 34. Ke1 Nd5 35. Qc4 Kh7 36. Qh4+ Kg8 37. Qc4 Kh7 38. a4 Rxf5 39. a5 Re5 40.
a6 Nb6 41. Qh4+ Kg6 42. Qd4 Re6 43. a7 f5 44. c4 Kf7 45. c5 Na8 46. Qd5 Nc7 47.
Qd7+ Re7 48. Qxf5+ 1-0

[Event "XXIX Miedzynarodowy Festiwal Szachowy CRACOVIA-2018 Grupa A"]
[Site "Krakow, Hotel Galaxy, ul. Gesia 22a"]
[Date "2019.??.??"]
[Round "7.60"]
[White "Lomakin, Viktor"]
[Black "Rudzinska, Michalina"]
[Result "0-1"]
[WhiteElo "2106"]
[BlackElo "2141"]
[PlyCount "160"]
[EventDate "2019.??.??"]

1. d4 Nf6 2. c4 e6 3. Nf3 c5 4. e3 cxd4 5. exd4 d5 6. Nc3 Bb4 7. cxd5 Nxd5 8.
Bd2 O-O 9. Bd3 h6 10. a3 Bd6 11. O-O Nc6 12. Be4 Bc7 13. Rc1 Nde7 14. Be3 f5
15. Bb1 a6 16. Qd3 Nd5 17. Ba2 Kh8 18. Rfd1 Nce7 19. Bd2 Bd7 20. Re1 Rf6 21.
Ne5 Bc6 22. Rcd1 Bxe5 23. Rxe5 Ng6 24. Nxd5 Nxe5 25. dxe5 Rg6 26. Nf4 Qxd3 27.
Nxd3 Rxg2+ 28. Kf1 Rxh2 29. Ke2 Rh3 30. Rg1 Bb5 31. Rg3 Rxg3 32. fxg3 Rd8 33.
Bb1 g5 34. Ke3 Kg7 35. Bc3 Bxd3 36. Bxd3 h5 37. Bf1 Rf8 38. Bc4 Kf7 39. a4 Rh8
40. Bf1 Ke8 41. Bg2 Rh7 42. a5 Kd8 43. Ke2 Kc7 44. Bd4 h4 45. gxh4 Rxh4 46.
Bb6+ Kc8 47. Bc5 Ra4 48. Bb6 Rb4 49. Bf1 Rxb2+ 50. Ke3 Kd7 51. Bc4 g4 52. Bf1
Rb4 53. Bd3 f4+ 54. Kd2 g3 55. Ke2 Rb2+ 56. Kf1 f3 57. Be4 g2+ 58. Kg1 Rb3 59.
Kh2 Kc8 60. Kg1 Ra3 61. Kh2 Rc3 62. Ba7 Rb3 63. Bb6 Ra3 64. Bf2 Rxa5 65. Bxf3
Rxe5 66. Kxg2 b5 67. Bd4 Rf5 68. Kg3 Kd7 69. Be4 Rf8 70. Bb6 b4 71. Bd4 a5 72.
Bc2 Kd6 73. Bb3 Ra8 74. Kf3 a4 75. Bc4 e5 76. Ba1 b3 77. Ke4 Kc5 78. Bf7 Ra7
79. Bg8 Kb4 80. Bxe5 Re7 0-1